000
00226 a2200097 4500
001
17746
100
_a
P E A
245
_a
Economic reconstruction in Pakistan
260
_a
_b
Pak Economic association
_c
090
_c
13115
_d
13115
942
_a
NUST-CAE
_c
M
_c
3465
999
_c
252819
_d
252819